Coaching Jurd̕ico O Caminho para uma Advocacia de Sucesso /

Detalles Bibliográficos
Autor principal: Pacilǒ, Afonso
Formato: eBook
Lenguaje:portugués
Publicado: San Pablo: LTR, 2019
Materias:
Acceso en línea:Acceso restringido

MARC

LEADER 00000nam a22000007a 4500
005 2019091203443.0
007 cr|||| ||||
008 190912s2019 br |||||s|||| 00||0 por d
020 |a 978-85-361-9903-0 
035 |a 30286 
040 |a vLex 
090 |c 9495  |d 9495 
100 1 |a Pacilǒ, Afonso 
245 1 0 |a Coaching Jurd̕ico  |h [Recurso electrn̤ico] :  |b O Caminho para uma Advocacia de Sucesso /  |c Afonso Pacilǒ 
256 |a Servicio en ln̕ea 
260 |a San Pablo:  |b LTR,  |c 2019 
300 |a 1 recurso electrn̤ico 
500 |a H ̀mais de um milhô de advogados no Brasil. Como alcanȧr o sucesso? Desenvolvendo um mindset empreendedor e de crescimento, tendo coragem, visô e competn̊cia, todas essas qualidades podem ser desenvolvidas. E o coaching jurd̕ico foi criado exatamente para isso, para coloc-̀lo no trilho certo para uma advocacia de alta performance, uma advocacia do sčulo XXI. 
506 1 |a Disponible solo en los productos indicados  |d vLex Global  |d vLex Global (Academic Edition, excluding Law Schools)  |d vLex Global (U.S. Academic Edition, Law Schools)  |d vLex Global (U.S. Academic Edition, excluding Law Schools)  |d vLex Global (Academic Edition, Law Schools) 
650 0 4 |a Abogados  |z Brasil 
740 0 |a vLex Libros (Servicio en ln̕ea) 
856 4 0 |u http://vlex.com/source/coaching-juridico-o-caminho-para-uma-advocacia-de-sucesso-30286  |z Acceso restringido 
942 |c BOOK 
999 0 |a Lawyers